Zákon o používaní elektronickej registračnej pokladnice. Zákon o obmedzení platieb v hotovosti komentár
Salvato in:
| Autore principale: | |
|---|---|
| Altri autori: | |
| Natura: | Libro |
| Lingua: | slovacco |
| Pubblicazione: |
Bratislava
Wolters Kluwer
2014
|
| Serie: | Komentáre
|
| Soggetti: | |
| Tags: |
Nessun Tag, puoi essere il primo ad aggiungerne!!
|
MARC
| LEADER | 00000nam a2200000 4500 | ||
|---|---|---|---|
| 001 | 0185813 | ||
| 005 | 20240318120936.1 | ||
| 020 | |a 978-80-8168-020-5 | ||
| 041 | 0 | |a slo | |
| 044 | |a SK | ||
| 245 | 1 | 0 | |a Zákon o používaní elektronickej registračnej pokladnice. Zákon o obmedzení platieb v hotovosti |b komentár |c Veronika Dubielová, Jaroslav Nižňanský |
| 264 | 1 | |a Bratislava |b Wolters Kluwer |c 2014 | |
| 300 | |a 151 s. | ||
| 490 | 1 | |a Komentáre | |
| 830 | 0 | |a Komentáre | |
| 610 | 2 | 0 | |a pokladnice registračné |
| 610 | 2 | 0 | |a platby v hotovosti |
| 610 | 2 | 0 | |a uzávierka účtovná |
| 100 | 1 | |a Dubielová, Veronika | |
| 700 | 1 | |a Nižňanský, Jaroslav | |